000 00508nam a2200253Ia 4500
001 067945
003 YMCAF
005 20230512160457.0
008 100717s1976 ||||||||||||||||| ||und|d
020 _a-
024 _a67945
035 _a7408
040 _aYMCAF
_beng
_cIN-KoLT
041 _aeng
082 _a671.52
_bWEL.1
100 _aA W S
245 0 _aWELDING HAND BOOK VOL-1
250 _a7th
260 _bASWH
_c1976
300 _a373
653 _a-
653 _a-
942 _2ddc
_cBK
999 _c4783
_d4783